| 000 | 01134nam a2200289 4500 | ||
|---|---|---|---|
| 003 | EC-UNACH | ||
| 006 | s||||gr|||| 00| 00 | ||
| 008 | 150116t9999 mx r gr 000 0 spa d | ||
| 020 | _a978-612-47200-0-0 | ||
| 040 |
_aEC-UNACH _cEC-UNACH |
||
| 041 | _aspa | ||
| 082 | 0 | 4 |
_223 _a800 _bL017453 |
| 100 | _aGonzales, Guissela | ||
| 245 |
_aEfraín Miranda _bAntología Poetica |
||
| 250 | _aPrimera Edicion | ||
| 264 |
_aPuno-Perú _bEditorial Altiplano _c2016 |
||
| 300 |
_a266 paginas _c21 cm. |
||
| 500 | _aLa trayectoria poética se inicia en la década del 50 a propósito de la aparición de su primer libro . valorado en ese momento por reconocidos intelectuales | ||
| 505 | _aPresencia de Efraín Miranda Lujan en el panorama poético Peruano Balance y Valoración.- El campo poético puneño de la década del 50.- Singularidad poética de Efraín Miranda de muerte cercana (1954) a Choza (1978) | ||
| 650 | _aPOESIA | ||
| 650 | _aCULTURA | ||
| 650 | _aESTUDIO CRITICO | ||
| 942 |
_2ddc _c1 |
||
| 999 | _c14461 | ||